| 000 | 00379nam a22001457a 4500 | ||
|---|---|---|---|
| 003 | SGT | ||
| 082 | _a347.530954,ASH | ||
| 100 | _aASHUTOSH | ||
| 245 | _aLAW OF COURT FEES AND SUITS VALUATION STAMP REGISTRATION AND SUPREME COURT RULES | ||
| 250 | _a1ST | ||
| 260 |
_aNEW DELHI _bUNIVERSAL BOOKS _c2015 |
||
| 300 | _a280 | ||
| 650 | _aCIVIL PROCEDURE & COURTS | ||
| 942 |
_2ddc _cBK _08 |
||
| 999 |
_c9757 _d9757 |
||